000 01774nam a2200301 i 4500
005 20250329165435.0
007 ta
008 190415s2021 000 0 eng d
040 _aCO-CtgCURN
_bspa
_ccoctgcurn
_erda
082 0 _aENF 2021
_bE747
100 1 _aEscorcia Montero, Daniela Patricia,
_eauthor.
_4aut
245 1 0 _aSíndrome metabólico en trabajadores de la Corporación Universitaria Rafael Núñez sede Cartagena (Colombia). 2021 /
_cDaniela Patricia Escorcia Montero; Katherine Gutiérrez García; Dayan del Carmen Cossío Mendoza; directora Zorayda Barrios Puerta.
260 _aCartagena de Indias :
_bCorporación Universitaria Rafael Núñez,
_c2021.
300 _a117 hojas.
336 _atext
_btxt
_2rdacontent
337 _aunmediated
_bn
_2rdamedia
338 _avolume
_bnc
_2rdacarrier
504 _aTrabajo de grado (Enfermera). Corporación Universitaria Rafael Nuñez. Facultad de Ciencias de la Salud. Programa de Enfermería, 2021.
520 _a"Conjunto de factores de riesgo, como glucosa en plasma elevada en ayunas, dislipidemia aterogénica, presión arterial elevada y obesidad abdominal, en individuos susceptibles a enfermedad cardiovascular y diabetes mellitus tipo 2."
650 0 _aEnfermería
_vTesis y disertaciones academicas.
700 1 _aKatherine Gutiérrez García.
700 1 _aCossío Mendoza, Dayan del Carmen.
700 1 _aBarrios Puerta, Zorayda,
_edirectora.
856 _uhttps://unicurn.sharepoint.com/:b:/s/biblioteca/EUvuoRXxzIxNtlSYSs3ec34Bcx7phB4ixXAbN1ynKrfSGA?e=lJX7Xt
_zClick aqui para ver el recurso en texto completo
856 7 _zClick aqui para ver el recurso en texto completo
942 _2ddc
_cTG
_hENF 2021
_iE747
999 _c4071
_d4071